[Event "Ungdoms-DM U19 2024"]
[Site "Odense"]
[Date "2024.10.04"]
[Round "1.1"]
[White "Andries, Alf"]
[Black "Loftgaard, Mikkel Vinh"]
[Result "1-0"]
[WhiteElo "2051"]
[BlackElo "2247"]
[WhiteFideId "1463373"]
[BlackFideId "1468480"]
[EventDate "2024.10.04"]
[EventType "swiss"]
[EventRounds "5"]
[EventCountry "DEN"]
[SourceTitle "Live v. Kasper Jerwiarz"]

1. e4 d5 2. exd5 Nf6 3. d4 Nxd5 4. Be2 e6 5. Nf3 Be7 6. O-O O-O 7. a3 Bf6 8. c4 Ne7 9. Qd3 c5 10. dxc5 Na6 11. Qc2 Nf5 12. Rd1 Qe7 13. Nc3 Nxc5 14. b4 Na4 15. Bd2 Nb6 16. c5 Nd5 17. Bd3 Bxc3 18. Bxc3 Nxc3 19. Qxc3 Nh4 20. Nxh4 Qxh4 21. Be2 Qe7 22. Bf3 e5 23. Re1 f6 24. Bd5+ Be6 25. Qf3 Rab8 26. Rad1 Rfc8 27. Bxe6+ Qxe6 28. Rd6 Qc4 29. Red1 Kh8 30. Rd7 b6 31. c6 e4 32. Qg3 Qg8 33. Qxb8 Rxb8 34. c7 e3 35. cxb8=Q 1-0

[Event "Ungdoms-DM U19 2024"]
[Site "Odense"]
[Date "2024.10.04"]
[Round "1.2"]
[White "Meskenas, Paulius"]
[Black "Saugmann, Frederik Chabert"]
[Result "1-0"]
[WhiteElo "2247"]
[BlackElo "1929"]
[WhiteFideId "12809969"]
[BlackFideId "1476122"]
[EventDate "2024.10.04"]
[EventType "swiss"]
[EventRounds "5"]
[EventCountry "DEN"]
[SourceTitle "Live v. Kasper Jerwiarz"]

1. e4 e5 2. Nf3 Nc6 3. Bc4 Bc5 4. c3 Nf6 5. d3 d6 6. O-O Bb6 7. a4 h6 8. Re1 O-O 9. h3 a5 10. Nbd2 Be6 11. Bxe6 fxe6 12. Qb3 Qd7 13. Nc4 Ba7 14. Be3 Bxe3 15. Rxe3 b6 16. Rd1 Rae8 17. d4 exd4 18. Nxd4 Nxd4 19. cxd4 Nh5 20. Rd2 Kh8 21. Na3 Nf6 22. f3 Re7 23. Rc3 Rc8 24. Rdc2 Ne8 25. Rc6 Rb8 26. Qb5 Qd8 27. Nc4 d5 28. Ne5 Kg8 29. R6c3 Nd6 30. Qe2 dxe4 31. Nc6 exf3 32. Qxf3 Rf7 33. Nxd8 Rxf3 34. Rxf3 Rxd8 35. Rxc7 Nf5 36. g4 Nxd4 37. Rff7 g5 38. Rg7+ Kf8 39. Rcf7+ Ke8 40. Rh7 Ne2+ 41. Kf1 Nf4 42. Rb7 Rd1+ 43. Kf2 Rd2+ 44. Ke1 1-0

[Event "Ungdoms-DM U19 2024"]
[Site "Odense"]
[Date "2024.10.04"]
[Round "1.3"]
[White "Skaelbaek, Noah"]
[Black "Perets, Dmytro"]
[Result "0-1"]
[WhiteElo "1901"]
[BlackElo "2085"]
[WhiteFideId "1470604"]
[BlackFideId "14174456"]
[EventDate "2024.10.04"]
[EventType "swiss"]
[EventRounds "5"]
[EventCountry "DEN"]
[SourceTitle "Live v. Kasper Jerwiarz"]

1. e4 d6 2. d4 g6 3. Be3 Bg7 4. Bd3 c5 5. c3 Nf6 6. h3 O-O 7. dxc5 dxc5 8. Bxc5 b6 9. Bd4 Bb7 10. Qc2 Nc6 11. Bxf6 Bxf6 12. Nf3 Rc8 13. Qd2 Nb4 14. cxb4 Bxb2 15. Qxb2 Qxd3 16. Nbd2 Ba6 17. Nd4 Rfd8 18. N2f3 Qxe4+ 19. Ne2 Rc2 20. Qxc2 Qxc2 21. Nfd4 Rxd4 0-1

[Event "Ungdoms-DM U19 2024"]
[Site "Odense"]
[Date "2024.10.04"]
[Round "1.4"]
[White "Zander, Emil"]
[Black "Aggerbeck Lauritzen, Nikolaj"]
[Result "1-0"]
[WhiteElo "2131"]
[BlackElo "1863"]
[WhiteFideId "1467123"]
[BlackFideId "1459945"]
[EventDate "2024.10.04"]
[EventType "swiss"]
[EventRounds "5"]
[EventCountry "DEN"]
[SourceTitle "Live v. Kasper Jerwiarz"]

1. e4 e6 2. d3 d5 3. Nd2 Nf6 4. Ngf3 c5 5. g3 Nc6 6. Bg2 dxe4 7. dxe4 e5 8. O-O Bg4 9. h3 Bh5 10. c3 Qc7 11. Qc2 Be7 12. Nc4 Bg6 13. Nh4 Rd8 14. Bg5 Nd7 15. Bxe7 Nxe7 16. a4 Nb6 17. Ne3 Qc6 18. a5 Nbc8 19. Nhf5 O-O 20. Rfe1 Qe6 21. h4 Bxf5 22. exf5 Qd7 23. Nc4 Qxf5 24. Qxf5 Nxf5 25. Rxe5 Ncd6 26. Nxd6 Nxd6 27. Rxc5 f5 28. Rd1 Ne4 29. Rxd8 Nxc5 30. Bd5+ 1-0

[Event "Ungdoms-DM U19 2024"]
[Site "Odense"]
[Date "2024.10.04"]
[Round "1.5"]
[White "Bruntse, Caroline Lindegaard"]
[Black "Wahlgreen, Noah Krug"]
[Result "0-1"]
[WhiteElo "1790"]
[BlackElo "2151"]
[WhiteFideId "1472275"]
[BlackFideId "1457349"]
[EventDate "2024.10.04"]
[EventType "swiss"]
[EventRounds "5"]
[EventCountry "DEN"]
[SourceTitle "Live v. Kasper Jerwiarz"]

1. d4 Nf6 2. c4 b6 3. Nc3 e6 4. Bg5 Be7 5. e3 h6 6. Bh4 Bb7 7. Nf3 d6 8. Be2 g5 9. Bg3 g4 10. Nd2 h5 11. f3 h4 12. Bf2 Nbd7 13. e4 h3 14. Rg1 hxg2 15. Rxg2 Nh5 16. Rxg4 f5 17. Rg1 Bh4 18. Nf1 Bxf2+ 19. Kxf2 Qh4+ 20. Ke3 O-O-O 21. Qe1 Qf4+ 22. Kd3 Nhf6 23. Ng3 Rxh2 24. Rd1 Rg8 25. Rd2 Rh3 26. Nh1 fxe4+ 27. Kc2 Rxg1 28. Qxg1 exf3 29. Bd3 Ng4 30. Nf2 Rg3 31. Qe1 e5 32. d5 Nc5 33. Nxg4 Rxg4 34. Bf1 Kb8 35. b4 Ne4 36. Qxe4 Qxe4+ 37. Nxe4 Rxe4 38. Rh2 Bc8 39. a4 Kb7 40. Kd3 Bf5 41. Kd2 Rd4+ 42. Ke3 Rd1 43. Rf2 e4 44. Kf4 Bg6 45. Ke3 Rb1 46. b5 Ra1 0-1

[Event "Ungdoms-DM U19 2024"]
[Site "Odense"]
[Date "2024.10.04"]
[Round "1.6"]
[White "Jarlskov, Daniel Tuk Hartso"]
[Black "Olesen, Nicholas Lindholm"]
[Result "1-0"]
[WhiteElo "2056"]
[BlackElo "1651"]
[WhiteFideId "1463896"]
[BlackFideId "1480197"]
[EventDate "2024.10.04"]
[EventType "swiss"]
[EventRounds "5"]
[EventCountry "DEN"]
[SourceTitle "Live v. Kasper Jerwiarz"]

1. d4 Nf6 2. c4 e6 3. Nf3 Bb4+ 4. Bd2 Be7 5. g3 O-O 6. Bg2 d5 7. O-O b6 8. Nc3 Bb7 9. Bf4 a6 10. Ne5 c5 11. dxc5 Bxc5 12. cxd5 Nxd5 13. Nxd5 Bxd5 14. Bxd5 Qxd5 15. Qxd5 exd5 16. Rfd1 f6 17. Nd3 g5 18. Nxc5 bxc5 19. Bd6 Rc8 20. Rxd5 Nd7 21. Rc1 Kf7 22. Bxc5 Nxc5 23. Rdxc5 Re8 24. Rc7+ Kg6 25. e3 Rab8 26. b3 Red8 27. Ra7 1-0

[Event "Ungdoms-DM U19 2024"]
[Site "Odense"]
[Date "2024.10.05"]
[Round "2.1"]
[White "Wahlgreen, Noah Krug"]
[Black "Meskenas, Paulius"]
[Result "0-1"]
[WhiteElo "2151"]
[BlackElo "2247"]
[WhiteFideId "1457349"]
[BlackFideId "12809969"]
[EventDate "2024.10.04"]
[EventType "swiss"]
[EventRounds "5"]
[EventCountry "DEN"]
[SourceTitle "Live v. Kasper Jerwiarz"]

1. d4 d5 2. Nf3 Nf6 3. Bf4 e6 4. e3 Bd6 5. Ne5 O-O 6. Nd2 c5 7. c3 Qc7 8. Bd3 Nbd7 9. Ndf3 b6 10. O-O Bb7 11. Nxd7 Nxd7 12. Ne5 Nxe5 13. dxe5 Bxe5 14. Bxh7+ Kxh7 15. Qh5+ Kg8 16. Bxe5 Qe7 17. h3 f6 18. Bh2 e5 19. f4 exf4 20. exf4 Rae8 21. Qh4 Qe2 22. Qf2 Qc4 23. Rfe1 d4 24. cxd4 cxd4 25. f5 Qd5 26. Bf4 d3 27. Bd2 Re5 28. Rad1 Rxf5 29. Qg3 Rf7 30. Kh2 Bc6 31. b3 Re5 32. Bf4 Rxe1 33. Rxe1 Qf5 34. Rd1 Rd7 35. Rd2 Be4 36. Bd6 Qd5 37. Bb8 Kf7 38. Bf4 Rd8 39. Bb8 Rc8 40. Qd6 Qb7 0-1

[Event "Ungdoms-DM U19 2024"]
[Site "Odense"]
[Date "2024.10.05"]
[Round "2.2"]
[White "Perets, Dmytro"]
[Black "Jarlskov, Daniel Tuk Hartso"]
[Result "1-0"]
[WhiteElo "2085"]
[BlackElo "2056"]
[WhiteFideId "14174456"]
[BlackFideId "1463896"]
[EventDate "2024.10.04"]
[EventType "swiss"]
[EventRounds "5"]
[EventCountry "DEN"]
[SourceTitle "Live v. Kasper Jerwiarz"]

1. e4 c6 2. Nc3 d5 3. Nf3 dxe4 4. Nxe4 Nf6 5. Qe2 Nxe4 6. Qxe4 Qd5 7. Qh4 Qe6+ 8. Be2 Qg4 9. Qg3 Qxg3 10. hxg3 Bf5 11. b3 Nd7 12. Bb2 O-O-O 13. Ng5 Bg6 14. Bh5 Bxh5 15. Rxh5 Nf6 16. Rh4 Rd5 17. Nxf7 g5 18. Ra4 b5 19. Rxa7 Rg8 20. c4 bxc4 21. bxc4 Rf5 22. Be5 Ne8 23. Rb1 Nd6 24. Nxd6+ exd6 25. Bxd6 Bxd6 26. Ra8+ Kd7 27. Rb7+ Ke6 28. Rxg8 Ra5 29. Rxh7 Bb4 30. Rg6+ Kf5 31. Rxc6 Rxa2 32. Rd7 Kg4 33. Rd4+ Kf5 34. f3 Ra5 35. g4+ Ke5 36. Re4# 1-0

[Event "Ungdoms-DM U19 2024"]
[Site "Odense"]
[Date "2024.10.05"]
[Round "2.3"]
[White "Andries, Alf"]
[Black "Zander, Emil"]
[Result "0-1"]
[WhiteElo "2051"]
[BlackElo "2131"]
[WhiteFideId "1463373"]
[BlackFideId "1467123"]
[EventDate "2024.10.04"]
[EventType "swiss"]
[EventRounds "5"]
[EventCountry "DEN"]
[SourceTitle "Live v. Kasper Jerwiarz"]

1. e4 c5 2. Nf3 d6 3. d4 cxd4 4. Qxd4 Nc6 5. Qe3 Nf6 6. Be2 e6 7. O-O Be7 8. c4 O-O 9. Rd1 Qc7 10. Nc3 a6 11. b3 b6 12. h3 Bb7 13. Ba3 Rad8 14. Rac1 Nb8 15. e5 dxe5 16. Bxe7 Qxe7 17. Qxb6 Nc6 18. Bd3 Rxd3 19. Rxd3 e4 20. Nxe4 Nxe4 21. Rcd1 Nf6 22. Rd6 Rc8 23. R6d2 h6 24. Qe3 a5 25. Nd4 Nxd4 26. Rxd4 Rc5 27. Qd3 g6 28. Rd8+ Kg7 29. Qd6 Qxd6 30. R1xd6 Rg5 31. g3 Rh5 32. Rb6 Bf3 33. h4 Re5 34. Kf1 Ng4 35. Rd1 Bxd1 0-1

[Event "Ungdoms-DM U19 2024"]
[Site "Odense"]
[Date "2024.10.05"]
[Round "2.4"]
[White "Loftgaard, Mikkel Vinh"]
[Black "Aggerbeck Lauritzen, Nikolaj"]
[Result "1-0"]
[WhiteElo "2247"]
[BlackElo "1863"]
[WhiteFideId "1468480"]
[BlackFideId "1459945"]
[EventDate "2024.10.04"]
[EventType "swiss"]
[EventRounds "5"]
[EventCountry "DEN"]
[SourceTitle "Live v. Kasper Jerwiarz"]

1. Nc3 e5 2. d4 exd4 3. Qxd4 Nc6 4. Qd1 Nf6 5. e4 d6 6. Nf3 Be7 7. Bf4 Bg4 8. Qd2 Qd7 9. O-O-O O-O-O 10. Bb5 h5 11. Qe3 Kb8 12. Nd5 Bxf3 13. gxf3 Bf8 14. Nb4 d5 15. Nxd5 Bd6 16. e5 Nxd5 17. Rxd5 Qe6 18. exd6 Qxd5 19. dxc7+ Ka8 20. cxd8=R+ Rxd8 21. Bxc6 bxc6 22. Qd2 Re8 23. Qxd5 cxd5 24. Rd1 Kb7 25. Rxd5 Kc6 26. Rxh5 f6 27. Be3 a6 28. c4 Rb8 29. Kc2 Rb4 30. Kc3 Rb8 31. b4 Rb7 32. Rc5+ Kd7 33. Bf4 Rb6 34. a4 g5 35. Be3 Re6 36. a5 Kd6 37. Rc8 Kd7 38. Rb8 Kc7 39. Rb6 Re8 40. Rxf6 Kb7 41. Bxg5 Rg8 42. h4 Ka7 43. Be3+ Ka8 44. Rxa6+ Kb7 45. b5 Rg1 46. h5 Kc7 47. h6 Ra1 48. h7 Ra3+ 49. Kb4 Rd3 50. h8=N Kb7 51. Nf7 Rd1 52. Rd6 Rg1 53. f4 Rg7 54. Rd7+ Ka8 55. f5 Rg4 56. f6 Rf4 57. Ra7+ Kb8 58. Bxf4+ 1-0

[Event "Ungdoms-DM U19 2024"]
[Site "Odense"]
[Date "2024.10.05"]
[Round "2.5"]
[White "Saugmann, Frederik Chabert"]
[Black "Bruntse, Caroline Lindegaard"]
[Result "1-0"]
[WhiteElo "1929"]
[BlackElo "1790"]
[WhiteFideId "1476122"]
[BlackFideId "1472275"]
[EventDate "2024.10.04"]
[EventType "swiss"]
[EventRounds "5"]
[EventCountry "DEN"]
[SourceTitle "Live v. Kasper Jerwiarz"]

1. d4 d5 2. c4 e6 3. Nf3 Nf6 4. Nc3 Be7 5. Bg5 O-O 6. e3 h6 7. Bh4 c6 8. Bd3 Nbd7 9. O-O Re8 10. Qc2 b6 11. Rae1 Bb7 12. Ne5 c5 13. f4 Rc8 14. cxd5 Nxd5 15. Bxe7 Rxe7 16. Qd2 cxd4 17. exd4 N7f6 18. Bb1 a6 19. Qd3 Nb4 20. Qd2 Nbd5 21. Ne2 Rec7 22. Ng3 Qd6 23. a3 b5 24. Nd3 Nb6 25. Ne5 Nc4 26. Qf2 Rd8 27. Rd1 Qd5 28. Rfe1 Qd6 29. h3 a5 30. Re2 a4 31. Rc2 Rdc8 32. Rdc1 Bd5 33. Qe2 Qb6 34. Qd3 Nd6 35. Rxc7 Rxc7 36. Rxc7 Qxc7 37. Qc2 Qxc2 38. Bxc2 Nc4 39. Nxc4 Bxc4 40. Kf2 Nd5 41. Kf3 f5 42. Nh1 Nb6 43. Nf2 Bd5+ 44. Kg3 Nc4 45. Nd1 Kf7 46. Bd3 Kf6 47. Bxc4 Bxc4 48. Nc3 g6 49. Kf3 h5 50. g4 hxg4+ 51. hxg4 g5 52. gxf5 Kxf5 53. fxg5 Kxg5 54. Ke4 Kf6 55. Nd1 Bd5+ 56. Ke3 e5 57. Nc3 Bc4 58. Ke4 Ke6 59. dxe5 Bf1 60. Kd4 Bc4 61. Kc5 Kxe5 62. Nxb5 Bd3 63. Nc3 Bc2 64. Kb4 Kd6 65. Nxa4 Kc6 66. Nc3 Kb6 67. a4 Bd3 68. a5+ Ka6 69. Na4 Bf1 70. Nc5+ Ka7 71. Ka4 Be2 72. b4 Bd1+ 73. Kb5 Be2+ 74. Kc6 Bf3+ 75. Kc7 Be2 76. Nb3 Bf1 77. Kc6 Bg2+ 78. Kd6 Bf1 79. Nd4 Bd3 80. Kc5 Ka6 81. Nf3 Bb5 82. Kd4 Be2 83. Nd2 Kb5 84. Kc3 Bh5 85. Kb3 Bf7+ 86. Ka3 Bg6 87. Nb3 Be8 88. Nd4+ Ka6 89. Kb3 Bd7 90. Kc4 Be8 91. Kc5 Bg6 92. Kc4 Bf7+ 93. Kc5 Bg6 94. Ne6 Bd3 95. Nc7+ Kb7 96. Nb5 Ka6 97. Na3 Be2 98. Nc4 Bh5 99. b5+ Ka7 100. Ne5 Be8 101. Nc6+ Kb7 102. a6+ Ka8 103. b6 Bxc6 104. Kxc6 Kb8 105. b7 Ka7 106. Kc7 Kxa6 107. b8=Q Ka5 108. Qb3 Ka6 109. Qb6# 1-0

[Event "Ungdoms-DM U19 2024"]
[Site "Odense"]
[Date "2024.10.05"]
[Round "2.6"]
[White "Olesen, Nicholas Lindholm"]
[Black "Skaelbaek, Noah"]
[Result "0-1"]
[WhiteElo "1651"]
[BlackElo "1901"]
[WhiteFideId "1480197"]
[BlackFideId "1470604"]
[EventDate "2024.10.04"]
[EventType "swiss"]
[EventRounds "5"]
[EventCountry "DEN"]
[SourceTitle "Live v. Kasper Jerwiarz"]

1. d4 d5 2. Bf4 c5 3. e3 Nc6 4. Nf3 Nf6 5. c3 Qb6 6. Qb3 c4 7. Qxb6 axb6 8. Nbd2 Bf5 9. Be2 e6 10. Nh4 Be4 11. Nxe4 Nxe4 12. Nf3 Be7 13. O-O O-O 14. h3 b5 15. a3 Ra6 16. Rab1 Na5 17. Bd1 f6 18. Bc2 Nd6 19. a4 bxa4 20. Bxd6 Bxd6 21. Bxa4 Rb8 22. Nd2 b5 23. Bd1 Nc6 24. Bg4 f5 25. Bf3 Ra2 26. Rfd1 Ne7 27. b3 Rc2 28. bxc4 dxc4 29. Nxc4 bxc4 30. Rxb8+ Bxb8 31. Rb1 Bd6 32. Rb6 0-1

[Event "Ungdoms-DM U19 2024"]
[Site "Odense"]
[Date "2024.10.05"]
[Round "3.1"]
[White "Meskenas, Paulius"]
[Black "Perets, Dmytro"]
[Result "1-0"]
[WhiteElo "2247"]
[BlackElo "2085"]
[WhiteFideId "12809969"]
[BlackFideId "14174456"]
[EventDate "2024.10.04"]
[EventType "swiss"]
[EventRounds "5"]
[EventCountry "DEN"]
[SourceTitle "Live v. Kasper Jerwiarz"]

1. e4 c6 2. d4 d5 3. Nc3 dxe4 4. Nxe4 Nf6 5. Nxf6+ exf6 6. c3 Bd6 7. Bd3 Na6 8. Ne2 Nc7 9. Qb3 O-O 10. Bd2 Be6 11. Qc2 g6 12. c4 Re8 13. O-O-O b5 14. c5 Bf8 15. f3 a5 16. Kb1 Nd5 17. g4 Ra7 18. Be4 Rae7 19. Ng3 b4 20. Qa4 Qc7 21. Rhg1 Rb8 22. Ka1 Qb7 23. Bd3 Bd7 24. Ne4 Ree8 25. Bc4 Be7 26. h4 f5 27. gxf5 Bxf5 28. h5 Qc7 29. hxg6 fxg6 30. Rde1 Rbd8 31. Bxd5+ Rxd5 32. Nf6+ Bxf6 33. Rxe8+ Kf7 34. Re2 Bxd4 35. Rh1 h5 36. Bg5 Bf6 37. Bxf6 Kxf6 38. Qb3 Qf4 39. Rhe1 Rxc5 40. Re3 a4 41. Qd1 Rd5 42. Qc1 Qd6 43. a3 c5 44. Rg1 Re5 45. Rxe5 Qxe5 46. axb4 cxb4 47. Qc6+ Qe6 48. Qxa4 b3 49. Qa5 Bc2 50. Re1 Qd6 51. Qa4 Kf5 52. Qc4 Kf6 53. Qc8 Kg5 54. Qc4 Kf6 55. f4 Qb6 56. Qa4 Kf5 57. Qd7+ Kxf4 58. Qd2+ Kf5 59. Rf1+ Ke5 60. Qg5+ Kd4 61. Qg1+ 1-0

[Event "Ungdoms-DM U19 2024"]
[Site "Odense"]
[Date "2024.10.05"]
[Round "3.2"]
[White "Zander, Emil"]
[Black "Loftgaard, Mikkel Vinh"]
[Result "0-1"]
[WhiteElo "2131"]
[BlackElo "2247"]
[WhiteFideId "1467123"]
[BlackFideId "1468480"]
[EventDate "2024.10.04"]
[EventType "swiss"]
[EventRounds "5"]
[EventCountry "DEN"]
[SourceTitle "Live v. Kasper Jerwiarz"]

1. e4 Nc6 2. Nf3 d5 3. exd5 Qxd5 4. Nc3 Qa5 5. h3 e5 6. Bc4 Bd7 7. d3 Bb4 8. Bd2 O-O-O 9. a3 Bxc3 10. Bxc3 Qc5 11. Nd2 f5 12. Nb3 Qd6 13. Qd2 Nf6 14. O-O-O Nd5 15. Rhe1 Rhe8 16. Kb1 a6 17. Bxd5 Qxd5 18. Qe3 g6 19. g3 b6 20. Nd2 Be6 21. b3 Bf7 22. Kc1 Qd6 23. Bb2 Nd4 24. Kb1 Qc5 25. Rc1 a5 26. a4 Qc6 27. f4 exf4 28. Qf2 fxg3 29. Qf1 g2 30. Qf2 Rxe1 31. Qxe1 Re8 0-1

[Event "Ungdoms-DM U19 2024"]
[Site "Odense"]
[Date "2024.10.05"]
[Round "3.3"]
[White "Skaelbaek, Noah"]
[Black "Wahlgreen, Noah Krug"]
[Result "0-1"]
[WhiteElo "1901"]
[BlackElo "2151"]
[WhiteFideId "1470604"]
[BlackFideId "1457349"]
[EventDate "2024.10.04"]
[EventType "swiss"]
[EventRounds "5"]
[EventCountry "DEN"]
[SourceTitle "Live v. Kasper Jerwiarz"]

1. e4 c6 2. d4 d5 3. exd5 cxd5 4. Bd3 Nf6 5. c3 Bg4 6. Qb3 Qc8 7. Bf4 Nc6 8. Nd2 e6 9. Ngf3 Be7 10. O-O O-O 11. Rfe1 Bh5 12. Rac1 Bg6 13. Bxg6 hxg6 14. Ne5 Nxe5 15. Bxe5 Qc6 16. Nf3 Ne4 17. h3 Rfc8 18. Bh2 b5 19. Ne5 Qb6 20. Qd1 a5 21. Qf3 Nf6 22. g4 Bd6 23. Nd3 Bf8 24. Ne5 Ra7 25. Qe3 Ne8 26. Rc2 Bd6 27. Rec1 Rac7 28. Nd3 b4 29. Bxd6 Nxd6 30. Nc5 bxc3 31. bxc3 Nc4 32. Qe2 Rb8 33. a4 Qd6 34. Ra2 Rc6 35. Rcc2 e5 36. Kg2 e4 37. Ra1 Qf4 38. Re1 f5 39. f3 Re8 40. Qf2 Rf6 41. fxe4 fxe4 42. Nb3 Ref8 43. Qxf4 Rxf4 44. Nc5 Rf3 45. Rce2 Rxc3 46. Rf2 Rxf2+ 47. Kxf2 Rxh3 48. Ne6 Rf3+ 49. Kg2 Ne3+ 50. Kh1 Nxg4 51. Rg1 Ne3 52. Kh2 Rf2+ 53. Kg3 Rf5 54. Re1 Rf3+ 55. Kh4 Ng2+ 0-1

[Event "Ungdoms-DM U19 2024"]
[Site "Odense"]
[Date "2024.10.05"]
[Round "3.4"]
[White "Jarlskov, Daniel Tuk Hartso"]
[Black "Andries, Alf"]
[Result "0-1"]
[WhiteElo "2056"]
[BlackElo "2051"]
[WhiteFideId "1463896"]
[BlackFideId "1463373"]
[EventDate "2024.10.04"]
[EventType "swiss"]
[EventRounds "5"]
[EventCountry "DEN"]
[SourceTitle "Live v. Kasper Jerwiarz"]

1. d4 Nf6 2. c4 e6 3. Nf3 Bb4+ 4. Bd2 Qe7 5. g3 Bxd2+ 6. Nbxd2 d6 7. Bg2 O-O 8. O-O e5 9. Qc2 e4 10. Ng5 e3 11. Nde4 Nxe4 12. Nxe4 f5 13. Nc3 c6 14. Qd3 Re8 15. Rae1 Nd7 16. fxe3 Nf6 17. d5 c5 18. a3 Ng4 19. e4 Ne5 20. Qc2 Nxc4 21. e3 Bd7 22. a4 fxe4 23. Bxe4 g6 24. b3 Ne5 25. Rf4 b6 26. Qg2 a6 27. Bc2 b5 28. g4 Rf8 29. Re2 g5 30. Rf5 Bxf5 31. Bxf5 bxa4 32. bxa4 Rab8 33. Qh3 Rb4 34. Rf2 Rxf5 35. gxf5 Ng4 36. Rg2 Qxe3+ 37. Qxe3 Nxe3 38. Rxg5+ Kf7 39. Rh5 Rf4 40. h3 Kg7 41. Rg5+ Kf6 42. Rh5 Nxf5 43. Rxh7 Rc4 44. Ne2 Rxa4 45. Kf2 a5 46. Ra7 Ke5 47. h4 Rxh4 48. Rxa5 Rh2+ 49. Ke1 Kxd5 50. Ra4 c4 51. Ra5+ Ke4 52. Nc3+ Kd3 53. Nd5 Re2+ 54. Kd1 Ne3+ 55. Nxe3 Rxe3 56. Rd5+ Kc3 57. Rxd6 Rd3+ 58. Rxd3+ Kxd3 59. Kc1 Kc3 60. Kb1 Kd2 0-1

[Event "Ungdoms-DM U19 2024"]
[Site "Odense"]
[Date "2024.10.05"]
[Round "3.5"]
[White "Aggerbeck Lauritzen, Nikolaj"]
[Black "Saugmann, Frederik Chabert"]
[Result "0-1"]
[WhiteElo "1863"]
[BlackElo "1929"]
[WhiteFideId "1459945"]
[BlackFideId "1476122"]
[EventDate "2024.10.04"]
[EventType "swiss"]
[EventRounds "5"]
[EventCountry "DEN"]
[SourceTitle "Live v. Kasper Jerwiarz"]

1. d4 d5 2. c4 c6 3. Nf3 Nf6 4. g3 e6 5. Bg2 Nbd7 6. O-O Be7 7. Nbd2 O-O 8. Qc2 b5 9. b3 bxc4 10. bxc4 a5 11. a4 Ba6 12. Rd1 Rc8 13. e4 Nxe4 14. Ne5 Nxd2 15. Nxd7 Qxd7 16. Bxd2 Bxc4 17. Bxa5 Ra8 18. Bb6 Rfb8 19. Qb2 Bd8 20. a5 g6 21. Bf1 Bb5 22. Qb4 Ra6 23. Bxb5 cxb5 24. Bxd8 Qxd8 25. Rdc1 Rba8 26. Qxb5 Rxa5 27. Rxa5 Rxa5 28. Qb7 Ra8 29. Rc7 Qb8 30. Qc6 Qb1+ 31. Kg2 Qe4+ 32. Kh3 Qf5+ 33. Kg2 Ra2 34. Qc3 Qxf2+ 35. Kh3 Qxh2+ 0-1

[Event "Ungdoms-DM U19 2024"]
[Site "Odense"]
[Date "2024.10.05"]
[Round "3.6"]
[White "Bruntse, Caroline Lindegaard"]
[Black "Olesen, Nicholas Lindholm"]
[Result "1/2-1/2"]
[WhiteElo "1790"]
[BlackElo "1651"]
[WhiteFideId "1472275"]
[BlackFideId "1480197"]
[EventDate "2024.10.04"]
[EventType "swiss"]
[EventRounds "5"]
[EventCountry "DEN"]
[SourceTitle "Live v. Kasper Jerwiarz"]

1. d4 Nf6 2. c4 e6 3. Nf3 Bb4+ 4. Bd2 Be7 5. Bf4 d5 6. e3 O-O 7. Bd3 b6 8. Qc2 Nbd7 9. cxd5 Nxd5 10. Bxh7+ Kh8 11. Be4 N7f6 12. O-O Ba6 13. Bxd5 Nxd5 14. Rd1 Nxf4 15. exf4 Bb7 16. Ne5 Bf6 17. Rd3 g6 18. Nc3 Kg7 19. Rad1 Rh8 20. d5 Bxe5 21. fxe5 Qg5 22. Re1 Rad8 23. Qd1 Bxd5 24. Nxd5 Rxd5 25. Rxd5 exd5 26. Qxd5 Rd8 27. Qf3 Qd2 28. Qf6+ Kg8 29. Rf1 Re8 30. Qc6 Rxe5 31. Qxc7 Ra5 32. Qc8+ Kg7 33. Qc3+ Qxc3 34. bxc3 Rxa2 35. Rc1 b5 36. g3 Ra3 37. Kg2 a5 38. h4 b4 39. cxb4 axb4 40. Rc6 Rc3 1/2-1/2

[Event "Ungdoms-DM U19 2024"]
[Site "Odense"]
[Date "2024.10.06"]
[Round "4.1"]
[White "Loftgaard, Mikkel Vinh"]
[Black "Meskenas, Paulius"]
[Result "0-1"]
[WhiteElo "2247"]
[BlackElo "2247"]
[WhiteFideId "1468480"]
[BlackFideId "12809969"]
[EventDate "2024.10.04"]
[EventType "swiss"]
[EventRounds "5"]
[EventCountry "DEN"]
[SourceTitle "Live v. Kasper Jerwiarz"]

1. e4 e5 2. d4 exd4 3. c3 dxc3 4. Nxc3 d6 5. Bc4 Nc6 6. Nf3 Be6 7. Bd5 Qd7 8. O-O Be7 9. Ng5 Nf6 10. Bxe6 fxe6 11. f4 h6 12. Nf3 O-O-O 13. Qe2 Nh7 14. Be3 g5 15. f5 exf5 16. exf5 Rhe8 17. Qd2 d5 18. Nb5 d4 19. Bf2 Bc5 20. Rad1 Nf6 21. Qc1 Ne4 22. Kh1 Nxf2+ 23. Rxf2 Qxf5 24. Rfd2 Bb4 25. Nfxd4 Bxd2 26. Nxc6 Qxb5 27. Nxa7+ Kb8 28. Nxb5 Bxc1 29. Rxc1 Re2 30. Rb1 Rxb2 0-1

[Event "Ungdoms-DM U19 2024"]
[Site "Odense"]
[Date "2024.10.06"]
[Round "4.2"]
[White "Perets, Dmytro"]
[Black "Andries, Alf"]
[Result "1/2-1/2"]
[WhiteElo "2085"]
[BlackElo "2051"]
[WhiteFideId "14174456"]
[BlackFideId "1463373"]
[EventDate "2024.10.04"]
[EventType "swiss"]
[EventRounds "5"]
[EventCountry "DEN"]
[SourceTitle "Live v. Kasper Jerwiarz"]

1. e4 e5 2. Nf3 Nc6 3. Nc3 Nf6 4. Nxe5 Nxe5 5. d4 Nc6 6. d5 Bb4 7. dxc6 Nxe4 8. Qd4 Qe7 9. Be3 f5 10. Be2 bxc6 11. Bh5+ Kf8 12. O-O Bxc3 13. bxc3 Qf6 14. Qb4+ Qe7 15. Qa5 d6 16. Rfe1 Be6 17. Rab1 g6 18. Bf3 Kf7 19. Bxe4 fxe4 20. Bg5 Qd7 21. Rb7 Rhc8 22. Rxe4 Kg8 23. c4 Rab8 24. Qxa7 Rxb7 25. Qxb7 Bf5 26. Re7 Re8 27. Rxe8+ Qxe8 28. Be3 Qd7 29. Qa8+ Kf7 30. a4 c5 31. a5 Qa4 32. h3 Qxc4 33. Qd8 Qxc2 34. Qxc7+ Ke6 35. Qc8+ Kd5 36. Qg8+ Kc6 37. Qe8+ Kb7 38. Qb5+ Kc7 39. Qb6+ Kd7 40. Qb7+ Ke6 41. Kh2 Qa4 42. Qb6 Be4 43. Bxc5 Qc6 44. Qxc6 Bxc6 45. Bb6 Kf5 46. f3 h5 47. Kg3 Bb7 48. Kf2 Ba6 49. Bc7 Ke6 50. Ke3 Kd7 51. Bb8 Kc6 52. h4 Bf1 53. g4 hxg4 54. fxg4 Bh3 55. Kf4 Bf1 56. Kg5 Bd3 57. Kf6 Be4 58. Bxd6 Kxd6 59. a6 Kc7 60. a7 Kb7 61. h5 gxh5 62. gxh5 Bb1 1/2-1/2

[Event "Ungdoms-DM U19 2024"]
[Site "Odense"]
[Date "2024.10.06"]
[Round "4.3"]
[White "Saugmann, Frederik Chabert"]
[Black "Zander, Emil"]
[Result "1/2-1/2"]
[WhiteElo "1929"]
[BlackElo "2131"]
[WhiteFideId "1476122"]
[BlackFideId "1467123"]
[EventDate "2024.10.04"]
[EventType "swiss"]
[EventRounds "5"]
[EventCountry "DEN"]
[SourceTitle "Live v. Kasper Jerwiarz"]

1. d4 Nf6 2. c4 e6 3. Nf3 d5 4. Nc3 Bb4 5. e3 O-O 6. Bd3 dxc4 7. Bxc4 c5 8. O-O cxd4 9. exd4 b6 10. Ne5 Bb7 11. Be2 Nbd7 12. Bf3 Bxf3 13. Qxf3 Bxc3 14. Nc6 Qc7 15. bxc3 Nd5 16. c4 Qxc6 17. cxd5 Qxd5 18. Qxd5 exd5 19. Be3 Rfc8 20. a4 Rc4 21. Rfb1 Rb8 22. Rb5 Nf6 23. a5 a6 24. Rxb6 Rxb6 25. axb6 Rb4 26. f3 Rxb6 27. Ra5 Re6 28. Bg5 Ne8 29. Rxd5 f6 30. Bf4 Kf7 31. Ra5 g5 32. Bg3 Ke7 33. Kf1 Kd7 34. d5 Rb6 35. Ke2 f5 36. Be5 Nd6 37. Bd4 Rb5 38. Rxa6 Rxd5 39. Bc3 Rc5 40. Bb4 Re5+ 41. Kd3 Rd5+ 42. Ke2 h6 43. Bxd6 Rxd6 44. Ra5 Ke6 45. f4 g4 46. Kf2 Kf6 47. Ra3 Rb6 48. Kg3 Ke6 49. Re3+ Kf6 50. Ra3 Ke6 51. Re3+ Kf6 1/2-1/2